000 00711nam a2200265Ia 4500
003 OSt
005 20221006153304.0
006 a|||||r|||| 00| 0
007 ta
008 221006b |||||||| |||| 00| 0 kor d
020 _a9788941323167
_cW 9,000
024 _a31,890
037 _bGift, Korean Embassy
_cTextual
040 _aEASL
_cEASL
_bkor
041 _2kor
_akor
082 _aO495,3, P5
100 _aWON Jeong-Mee Au.
_9663302
245 0 _aBal hae yeonga
260 _aSeoul
_bSinyeong Media Korea
_c2005
300 _a435p.
_ccm.
490 _v KL
650 _aKL
942 _hO495,3, P5
_cTEXL
_2CC
999 _c1099976
_d1099976